000
00314nam a22001337a 4500
020
_q
PB.
040
_c
FIZZA ISHAQ
082
_a
624.2
_b
LAT
100
_a
RANGWAL, S.C LATE.
_9
86037
245
_a
BRIDGE ENGINEERING /
_c
LATE S.C RANGWAL.
260
_a
NEW DEHLI :
_c
1970.
300
_a
297 P. ;
942
_2
ddc
_c
BK
999
_c
587219
_d
587219